00401 2200145 4500001002100000008004100021035002000062245006600082100002000148260003100168300001700199082000800216650001800224990001300242INLIS000000000000062 ind  a0010-0322000062 aPUTRI CINDERELLA: CERITA RAKYAT DONGENG PENGANTAR TIDURcIKHA aTIRA IKRANEGARA aSURABAYAbSERBA JAYAc2008 a64 hlm.ccm. a823 aFIKSI INGGRIS a102316-1